Josh Brolin Movies - Statistics

General Stats
  • This quiz has been taken 9 times
  • The average score is 11 of 16
Answer Stats
Release Year Costars Movie % Correct
2021 Timothee Chalamet, Oscar Isaac Dune
100%
2018 Robert Downey Jr., Zoe Saldana Avengers: Infinity War
83%
2018 Ryan Reynolds, Zazie Beetz Deadpool 2
83%
2012 Will Smith, Tommy Lee Jones Men in Black 3
83%
2007 Tommy Lee Jones, Javier Bardem No Country For Old Men
83%
2015 Emily Blunt, Benicio del Toro Sicario
83%
2007 Denzel Washington, Russell Crowe American Gangster
67%
2000 Kevin Bacon, Elizabeth Shue Hollow Man
67%
2008 Sean Penn, Emile Hirsch Milk
67%
1985 Sean Astin, Kerri Green The Goonies
67%
2013 Ryan Gosling, Emma Stone Gangster Squad
50%
2014 Joaquin Phoenix, Owen Wilson Inherent Vice
50%
2007 Rose McGowan, Freddy Rodriguez Planet Terror
50%
2010 Jeff Brifges, Hailee Steinfeld True Grit
50%
2016 George Clooney, Scarlett Johansson Hail, Caesar!
33%
2008 Elizabeth Banks, Toby Jones W.
33%
No matching quizzes found
Score Distribution
Percent of People with Each Score
Percentile by Number Answered
Your Score History
You have not taken this quiz